Normal view
MARC view
- Duggal, K N
Entry Personal Name
001 - CONTROL NUMBER
- control field: 7697
003 - CONTROL NUMBER IDENTIFIER
- control field: OSt
005 - DATE AND TIME OF LATEST TRANSACTION
- control field: 20250812123508.0
008 - FIXED-LENGTH DATA ELEMENTS
- fixed length control field: 250812|| aca||aabn | a|a d
040 ## - CATALOGING SOURCE
- Original cataloging agency: OSt
- Transcribing agency: OSt
100 ## - HEADING--PERSONAL NAME
- Personal name: Duggal, K N
670 ## - SOURCE DATA FOUND
- Source citation: Work cat.: (OSt)2725: Duggal, K N ., Elements of water resources engineering / , 1996.
